top 10 najbogatszych firm motoryzacyjnych w europie - Statystyki

Ogólne statystyki
  • Ten quiz został rozwiązany 187 razy
  • Średni wynik to 4 z 10
Statystyki odpowiedzi
Hint Odpowiedź % Poprawnych
3 BMW
94%
2 Mercedes
81%
1 Volkswagen
78%
5 Porsche
53%
9 Renault
50%
8 Volvo
41%
4 Stellantis
7%
6 Daimler
3%
7 Michelin
1%
10 Aptiv
0%
Nie znaleziono quizów pasujących do podanych kryteriów
Rozkład punktacji
Procent ludzi z każdym wynikiem
Percentyl według liczby udzielonych odpowiedzi
Twoja historia wyników
Nie rozwiązałeś tego quizu